|
|
|
|
| LEADER |
00000ny a22000003n 4500 |
| 005 |
20110601133712.0 |
| 008 |
040415s2002 sp s 001 0 spa c |
| 017 |
|
|
|a D.L. 26986-2002
|
| 020 |
|
|
|a 8484940446
|
| 035 |
|
|
|a 1306
|
| 040 |
|
|
|a SpMaUCDE
|d vLex
|
| 040 |
|
|
|a UMA.RE
|d vLex
|
| 080 |
|
|
|a 347.26(460)
|
| 090 |
|
|
|c 405
|d 405
|
| 100 |
1 |
|
|a Zahino Ruiz, Mara̕ Luisa
|
| 245 |
1 |
3 |
|a La constitucin̤ de servidumbre voluntaria sobre fundo indiviso e el Cd̤igo civil espaǫl
|h [Recurso electrn̤ico]
|c M® Luisa Zahino Ruiz
|
| 256 |
|
|
|a Servicio en ln̕ea
|
| 260 |
|
|
|a Madrid :
|b Editorial de Derecho Reunidas,
|c D.L. 2002
|
| 300 |
|
|
|a 320 p. ;
|c 22 cm
|
| 504 |
|
|
|a Bibliogr.: p. 305-320
|
| 506 |
1 |
|
|a Contenido solo disponible en los productos indicados
|d vLex Global
|d vLex Global (Academic Edition, excluding Law Schools)
|d vLex Global (U.S. Academic Edition, Law Schools)
|d vLex Global (U.S. Academic Edition, excluding Law Schools)
|d vLex Global (Academic Edition, Law Schools)
|
| 650 |
0 |
7 |
|2 Tesauro vLex
|a Servidumbre
|
| 650 |
0 |
7 |
|2 Tesauro vLex
|a Inmobiliario y registral
|
| 650 |
0 |
7 |
|2 Tesauro vLex
|a Servidumbre voluntaria
|
| 740 |
0 |
|
|a vLex Libros (Servicios en ln̕ea)
|
| 856 |
4 |
0 |
|z Acceso restringido
|u http://vlex.com/source/servidumbre-voluntaria-constitucion-fundo-indiviso-codigo-civil-espa-ol-1306
|
| 942 |
|
|
|c BOOK
|
| 999 |
0 |
|
|a Real property
|b Madrid
|